Wessex comprehensive building price book (Record no. 108764)

MARC details
000 -LEADER
fixed length control field 01206cam a22002895a 4500
001 - CONTROL NUMBER
control field L145339
008 - FIXED-LENGTH DATA ELEMENTS--GENERAL INFORMATION
fixed length control field 080930s2008 xxkd f 001 0 eng d
020 ## - INTERNATIONAL STANDARD BOOK NUMBER
International Standard Book Number 9781904829812
035 ## - SYSTEM CONTROL NUMBER
System control number (Sirsi) u145339
041 0# - LANGUAGE CODE
Language code of text/sound track or separate title eng
050 04 - LIBRARY OF CONGRESS CALL NUMBER
Classification number 692.5 $2 18
110 1# - MAIN ENTRY--CORPORATE NAME
Corporate name or jurisdiction name as entry element Building Cost Information Service
9 (RLIN) 1096
245 00 - TITLE STATEMENT
Title Wessex comprehensive building price book
Remainder of title major works, 2009
250 ## - EDITION STATEMENT
Edition statement 26th ed.
260 ## - PUBLICATION, DISTRIBUTION, ETC.
Place of publication, distribution, etc. London
Name of publisher, distributor, etc. BCIS
Date of publication, distribution, etc. 2008
300 ## - PHYSICAL DESCRIPTION
Extent 1
Type of unit v.
Dimensions 30cm.
520 ## - SUMMARY, ETC.
Summary, etc. Gives unit rates compiled from over 500 000 price elements. Each unit rate and element has been updated and new materials and specifications have been incorporated where applicable and includes the latest amendments to professional information, average building prices, town and country planning regulations fees for applications, building regulations prescribed fees etc. and costs limits and allowances.
520 ## - SUMMARY, ETC.
Summary, etc. Supersedes 25th ed. (ISBN 9781904829591).
520 ## - SUMMARY, ETC.
Summary, etc. Superseded by 27th edition (ISBN 9781904829935).
521 ## - TARGET AUDIENCE NOTE
Target audience note Advanced
590 ## - LOCAL NOTE (RLIN)
Local note KA
651 #4 - SUBJECT ADDED ENTRY--GEOGRAPHIC NAME
Geographic name United Kingdom
Chronological subdivision
690 ## - LOCAL SUBJECT ADDED ENTRY--TOPICAL TERM (OCLC, RLIN)
Topical term or geographic name as entry element BUILT ENVIRONMENT-BUILDING COSTS
700 1# - ADDED ENTRY--PERSONAL NAME
Personal name Barnett, N.P.
Relator term Editor
942 ## - ADDED ENTRY ELEMENTS (KOHA)
Suppress in OPAC 0
Holdings
Withdrawn status Lost status Source of classification or shelving scheme Damaged status Not for loan Home library Current library Shelving location Date acquired Total Checkouts Full call number Barcode Date last seen Copy number Price effective from Koha item type
    Dewey Decimal Classification     London London Basement 30/09/2008   BASEMENT 30076134 06/08/2019 2 06/08/2019 Reference material
    Dewey Decimal Classification     London London RICS Boxes 03/10/2008   RICS 2008/45 30076129 06/08/2019 1 06/08/2019 Archive